000 00331nam a2200145Ia 4500
008 230718s9999 xx 000 0 und d
041 _aEng.
082 _a3465491
_bKHA-R
100 _aKhan, Ahmed Mushtaq
245 0 _aRegistration Act
260 _aPakistan
_bPunjab Law
_c2015
300 _a788
650 _aLaw
999 _c30828
_d30828